000 00382nam a2200145Ia 4500
005 20251222153625.0
008 251222s9999||||xx |||||||||||||| ||spa||
020 _a8460428095
082 _a616.723/H46
100 _aHerrero-Beaumont, Gabriel
245 0 _aManual de Enfermedades Reumáticas
250 _a1ra. ed.
264 _bSociedad Española de Reumatología
942 _cLIB
999 _c32136
_d32136